[Event "World Rapid 2023"]
[Site "Samarkand UZB"]
[Date "2023.12.27"]
[EventDate "2023.12.26"]
[Round "6.19"]
[Result "1/2-1/2"]
[White "Jinshi Bai"]
[Black "Dmitry Andreikin"]
[WhiteElo "2585"]
[BlackElo "2729"]
[PlyCount "60"]

1. Nf3 d5 2. g3 g6 3. Bg2 Bg7 4. d4 Nf6 5. O-O O-O 6. c4 c6 7. Ne5 Be6 8. cxd5
Bxd5 9. Nc3 Bxg2 10. Kxg2 Nbd7 11. e4 c5 12. Nxd7 Nxd7 13. Be3 cxd4 14. Bxd4 Nb6
15. Bxg7 Qxd1 16. Rfxd1 Kxg7 17. Nd5 Rfd8 18. Nxe7 Re8 19. Nd5 Rxe4 20. Nxb6
axb6 21. Rd7 Re2 22. b3 Rc8 23. Rxb7 Rcc2 24. Rf1 Rxa2 25. Rxb6 Reb2 26. h4 h5
27. Rb7 Ra3 28. Re1 Raa2 29. Rf1 Ra3 30. Re1 1/2-1/2

[Event "World Rapid 2023"]
[Site "Samarkand UZB"]
[Date "2023.12.27"]
[EventDate "2023.12.26"]
[Round "6.20"]
[Result "1/2-1/2"]
[White "Arseniy Nesterov"]
[Black "Maxim Matlakov"]
[WhiteElo "2584"]
[BlackElo "2670"]
[PlyCount "24"]

1. d4 Nf6 2. c4 e6 3. Nf3 d5 4. Nc3 Be7 5. Bf4 O-O 6. e3 c5 7. dxc5 Bxc5 8. Qc2
Nc6 9. a3 Qa5 10. Nd2 Bb4 11. Rc1 Bxc3 12. Qxc3 Qd8 1/2-1/2

[Event "World Rapid 2023"]
[Site "Samarkand UZB"]
[Date "2023.12.27"]
[EventDate "2023.12.26"]
[Round "6.21"]
[Result "1/2-1/2"]
[White "Anton Korobov"]
[Black "Denis Lazavik"]
[WhiteElo "2672"]
[BlackElo "2566"]
[PlyCount "56"]

1. d4 Nf6 2. c4 e6 3. Nf3 d5 4. Nc3 Be7 5. Bf4 O-O 6. e3 Nbd7 7. cxd5 Nxd5 8.
Nxd5 exd5 9. a3 c5 10. dxc5 Nxc5 11. Be5 Bg4 12. Be2 Bxf3 13. Bxf3 Bf6 14. Bxf6
Qxf6 15. Qc2 Rac8 16. O-O d4 17. exd4 Ne6 18. Qd3 Qxd4 19. Qxd4 Nxd4 20. Bxb7
Rb8 21. Ba6 Rxb2 22. Rfd1 Nc2 23. Rab1 Rxb1 24. Rxb1 Nxa3 25. Rb2 Rd8 26. g3 g6
27. Rb7 Rd4 28. Rxa7 Ra4 1/2-1/2

[Event "World Rapid 2023"]
[Site "Samarkand UZB"]
[Date "2023.12.27"]
[EventDate "2023.12.26"]
[Round "6.22"]
[Result "0-1"]
[White "M Pranesh"]
[Black "Robert Hovhannisyan"]
[WhiteElo "2523"]
[BlackElo "2611"]
[PlyCount "120"]

1. e4 e5 2. Nf3 Nc6 3. Bb5 Nf6 4. d3 Bc5 5. Bxc6 dxc6 6. Nbd2 b6 7. Nc4 Nd7 8.
O-O f6 9. c3 Ba6 10. Qb3 Qe7 11. Rd1 Qf7 12. Ne3 Qxb3 13. axb3 Bb7 14. d4 exd4
15. Nxd4 Nf8 16. Nef5 g6 17. b4 gxf5 18. bxc5 fxe4 19. Bh6 Kf7 20. Re1 Nd7 21.
cxb6 axb6 22. Bf4 Ne5 23. Bxe5 fxe5 24. Nc2 Rhd8 25. Ne3 Ra6 26. Rxa6 Bxa6 27.
Ra1 Be2 28. Ra7 Rd7 29. h4 Ke6 30. Kh2 c5 31. Ra8 Rd2 32. Re8+ Kd7 33. Rxe5 Rxb2
34. g4 h6 35. Rh5 Ra2 36. Rxh6 b5 37. g5 Bd3 38. Kg2 Ra8 39. Rh7+ Kc6 40. g6 b4
41. g7 Rg8 42. cxb4 cxb4 43. Nf5 e3 44. Ne7+ Kb7 45. Nxg8 e2 46. Nf6 e1=Q 47.
g8=Q Qf1+ 48. Kf3 Qe2+ 49. Kg3 Bxh7 50. Nxh7 Qd3+ 51. f3 b3 52. Qg7 Qd6+ 53. Kh3
Qe6+ 54. Kg3 Qe1+ 55. Kg2 Qe2+ 56. Kh3 Qxf3+ 57. Kh2 Qf2+ 58. Kh3 b2 59. Qd7
Qf3+ 60. Kh2 b1=Q 0-1

[Event "World Rapid 2023"]
[Site "Samarkand UZB"]
[Date "2023.12.27"]
[EventDate "2023.12.26"]
[Round "6.23"]
[Result "1-0"]
[White "Ian Nepomniachtchi"]
[Black "Aryan Tari"]
[WhiteElo "2771"]
[BlackElo "2623"]
[PlyCount "68"]

1. d4 Nf6 2. c4 e6 3. Nc3 Bb4 4. e3 O-O 5. Bd2 b6 6. Bd3 d5 7. cxd5 exd5 8. Nge2
Bd6 9. Qc2 c5 10. O-O Nc6 11. a3 Re8 12. Rad1 c4 13. Bf5 Bxf5 14. Qxf5 g6 15.
Qf3 h5 16. Nf4 Bxf4 17. Qxf4 Ne4 18. f3 Nxc3 19. bxc3 Qe7 20. e4 Qxa3 21. g4 h4
22. Qh6 dxe4 23. Bg5 Qf8 24. Qxh4 Qg7 25. fxe4 Rxe4 26. Rf6 Ne7 27. Rdf1 Rf8 28.
h3 Nd5 29. Bh6 Qh7 30. Rxf7 Qxf7 31. Rxf7 Rxf7 32. Qd8+ Kh7 33. Qxd5 Re1+ 34.
Kg2 1-0

[Event "World Rapid 2023"]
[Site "Samarkand UZB"]
[Date "2023.12.27"]
[EventDate "2023.12.26"]
[Round "6.24"]
[Result "1-0"]
[White "Fabiano Caruana"]
[Black "Mikhail Kobalia"]
[WhiteElo "2794"]
[BlackElo "2542"]
[PlyCount "78"]

1. e4 e5 2. Nf3 Nc6 3. Bb5 g6 4. d4 exd4 5. Nxd4 Bg7 6. Be3 Nge7 7. O-O O-O 8.
Nc3 d6 9. Bc4 Nxd4 10. Bxd4 Bxd4 11. Qxd4 Nc6 12. Qe3 Be6 13. Bb3 Qf6 14. Rad1
Bxb3 15. axb3 Nb4 16. Rd2 a5 17. Nb5 Qe7 18. c3 Na6 19. Re1 Rfe8 20. Rde2 Nc5
21. Nd4 Qh4 22. f3 Re7 23. Qd2 Rae8 24. g3 Qh3 25. Re3 h5 26. c4 b6 27. Nc6 Re6
28. b4 axb4 29. Nxb4 Re5 30. Nd5 Rc8 31. b4 Nb7 32. f4 Re6 33. f5 Re5 34. Rf3
Kg7 35. Qg5 Qg4 36. Qf6+ Kh6 37. Qxf7 gxf5 38. Rxf5 Rg8 39. Nf6 1-0

[Event "World Rapid 2023"]
[Site "Samarkand UZB"]
[Date "2023.12.27"]
[EventDate "2023.12.26"]
[Round "6.25"]
[Result "1/2-1/2"]
[White "Levan Pantsulaia"]
[Black "Peter Svidler"]
[WhiteElo "2561"]
[BlackElo "2689"]
[PlyCount "54"]

1. Nf3 c5 2. c4 Nf6 3. g3 b6 4. Bg2 Bb7 5. Nc3 g6 6. O-O Bg7 7. d4 cxd4 8. Qxd4
d6 9. Rd1 Nbd7 10. Be3 Rc8 11. Rac1 O-O 12. Qh4 a6 13. b3 Rc7 14. Bh6 Qa8 15.
Bxg7 Kxg7 16. Ne1 Rfc8 17. Qd4 b5 18. Bxb7 Qxb7 19. Nd5 e5 20. Qd2 Nxd5 21. Qxd5
Qxd5 22. Rxd5 Rc6 23. Rcd1 bxc4 24. bxc4 Nb6 25. Rxd6 Nxc4 26. Rd7 Nb6 27. Rb7
R8c7 1/2-1/2

[Event "World Rapid 2023"]
[Site "Samarkand UZB"]
[Date "2023.12.27"]
[EventDate "2023.12.26"]
[Round "6.26"]
[Result "1/2-1/2"]
[White "Daniel Dardha"]
[Black "Nodirbek Abdusattorov"]
[WhiteElo "2598"]
[BlackElo "2727"]
[PlyCount "176"]

1. d4 Nf6 2. c4 g6 3. g3 Bg7 4. Bg2 O-O 5. Nc3 d6 6. Nf3 c5 7. O-O Nc6 8. dxc5
dxc5 9. Bf4 Nh5 10. Be3 Be6 11. Nd5 Nf6 12. Ng5 Bxd5 13. cxd5 Nd4 14. Bxd4 cxd4
15. Qxd4 h6 16. Nh3 e6 17. Qb4 Nxd5 18. Qxb7 Qa5 19. Bxd5 Rab8 20. Qe7 Qxd5 21.
Qxa7 g5 22. Rad1 Qf5 23. Kg2 Rxb2 24. Ng1 Qe4+ 25. f3 Qc4 26. Rc1 Qxa2 27. Qxa2
Rxa2 28. Rfd1 Rb8 29. Rd7 h5 30. Rc5 Bf6 31. Rcc7 Rf8 32. Kf2 Kg7 33. Rb7 Kg6
34. Kg2 Be5 35. Rb5 Bf6 36. Rbb7 Ra4 37. Nh3 Rc8 38. Rxf7 Rc2 39. Ng1 Bd4 40.
Rfc7 Rd2 41. Re7 Ra1 42. Rxe6+ Kf5 43. Re8 Rxg1+ 44. Kh3 g4+ 45. fxg4+ hxg4+ 46.
Kh4 Re1 47. e4+ Rxe4 48. Rf7+ Kg6 49. Rxe4 Kxf7 50. Kxg4 Kf6 51. Rf4+ Ke6 52. h4
Be5 53. Rf3 Rd8 54. Kh3 Kd5 55. Rd3+ Bd4 56. Rf3 Ke4 57. Rf4+ Ke3 58. Rf7 Be5
59. h5 Ke4 60. Kh4 Rd6 61. Kg5 Rd8 62. Kh4 Rg8 63. g4 Bf4 64. h6 Bxh6 65. Kg3
Bg5 66. Rf5 Be3 67. Ra5 Bf4+ 68. Kf2 Rxg4 69. Ra4+ Kf5 70. Ke2 Rg3 71. Rc4 Ke5
72. Kf2 Ra3 73. Kg2 Be3 74. Rc8 Bd4 75. Re8+ Kf4 76. Rf8+ Ke4 77. Re8+ Be5 78.
Kf2 Ra2+ 79. Ke1 Kd4 80. Kf1 Ke4 81. Ke1 Kf4 82. Kd1 Bd4 83. Re2 Ra3 84. Kc2 Be5
85. Kd2 Bd4 86. Re7 Be5 87. Re8 Ke4 88. Ke2 Ra2+ 1/2-1/2

[Event "World Rapid 2023"]
[Site "Samarkand UZB"]
[Date "2023.12.27"]
[EventDate "2023.12.26"]
[Round "6.27"]
[Result "1-0"]
[White "Vladislav Artemiev"]
[Black "Vladislav Kovalev"]
[WhiteElo "2711"]
[BlackElo "2582"]
[PlyCount "120"]

1. c4 e6 2. Nf3 Nf6 3. Nc3 d5 4. d4 Be7 5. cxd5 exd5 6. Bf4 c6 7. e3 Bf5 8. h3
Qb6 9. Qc1 O-O 10. Be2 Nbd7 11. Nh4 Be6 12. Nf3 Bf5 13. g4 Bg6 14. Nh4 Ne8 15.
Ng2 Nd6 16. h4 h6 17. g5 hxg5 18. hxg5 Nf5 19. Bd3 Nxd4 20. Bxg6 Nf3+ 21. Ke2
fxg6 22. Kxf3 Bxg5 23. Qc2 Rae8 24. Kg3 Bxf4+ 25. Nxf4 Rxe3+ 26. fxe3 Qxe3+ 27.
Kg2 Rxf4 28. Qe2 Qe5 29. Qxe5 Nxe5 30. Rae1 Rg4+ 31. Kf1 Rg5 32. Rh3 Kf7 33. Re2
b5 34. Rh8 a5 35. Nd1 a4 36. Nf2 Rf5 37. Rc8 g5 38. Kg2 g4 39. Rc7+ Kf6 40. Re3
g5 41. Rc8 Kf7 42. Re2 d4 43. Re4 d3 44. Rd8 Nc4 45. Rd7+ Kg6 46. Re6+ Rf6 47.
Rxf6+ Kxf6 48. Nxd3 Kf5 49. Kg3 Ke4 50. b3 axb3 51. axb3 Ne3 52. Nc5+ Ke5 53.
Rd3 Nd5 54. Kxg4 Kd6 55. Na6 c5 56. Kf5 c4 57. bxc4 bxc4 58. Rd4 Kc6 59. Rxc4+
Kb6 60. Ke5 Ne7 1-0

[Event "World Rapid 2023"]
[Site "Samarkand UZB"]
[Date "2023.12.27"]
[EventDate "2023.12.26"]
[Round "6.28"]
[Result "0-1"]
[White "Anish Giri"]
[Black "Jakhongir Vakhidov"]
[WhiteElo "2754"]
[BlackElo "2599"]
[PlyCount "138"]

1. Nf3 Nf6 2. b3 g6 3. Bb2 Bg7 4. g3 d6 5. Bg2 e5 6. O-O e4 7. Ne1 O-O 8. c4 Re8
9. Nc2 d5 10. cxd5 Qxd5 11. Ne3 Qh5 12. Bxf6 Bxf6 13. Nc3 Bxc3 14. dxc3 Nc6 15.
Qc2 Qe5 16. Rad1 f5 17. Rd5 Qe7 18. Rfd1 Be6 19. R5d2 a5 20. Nd5 Bxd5 21. Rxd5
Ne5 22. Qd2 c6 23. Rd4 Qc5 24. f4 exf3 25. exf3 Rad8 26. Qf2 Rc8 27. Qd2 Rcd8
28. h4 Nf7 29. Bf1 b5 30. Kg2 Rxd4 31. cxd4 Qb4 32. Qxb4 axb4 33. Rc1 Re6 34.
Kf2 Rd6 35. Rc5 Nd8 36. Rc1 Rxd4 37. Ke3 Rd6 38. f4 Kf7 39. h5 Kf6 40. hxg6 hxg6
41. Bg2 Ke7 42. Bf3 Re6+ 43. Kf2 Rd6 44. Ke3 Kd7 45. g4 fxg4 46. Bxg4+ Kc7 47.
Be2 Re6+ 48. Kf3 Rf6 49. Bxb5 g5 50. Kg4 gxf4 51. Be2 Ne6 52. Bd3 Kd6 53. Rf1
Ke5 54. Re1+ Kd4 55. Be4 Nc5 56. Bf3 Nd3 57. Re4+ Kc3 58. Re2 c5 59. Bd5 Kd4 60.
Bf3 Rf8 61. Kg5 Rg8+ 62. Kf5 Rg3 63. Re4+ Kc3 64. Rc4+ Kd2 65. Ke4 Rg5 66. Bh1
Rh5 67. Bg2 Re5+ 68. Kf3 Re3+ 69. Kg4 Rg3+ 0-1

[Event "World Rapid 2023"]
[Site "Samarkand UZB"]
[Date "2023.12.27"]
[EventDate "2023.12.26"]
[Round "6.29"]
[Result "1-0"]
[White "Aleksandar Indjic"]
[Black "Andrey Esipenko"]
[WhiteElo "2589"]
[BlackElo "2702"]
[PlyCount "94"]

1. Nf3 d5 2. e3 Nf6 3. c4 e6 4. Nc3 c5 5. cxd5 exd5 6. d4 Nc6 7. Bb5 cxd4 8.
Nxd4 Bd7 9. Nf3 Be6 10. Nd4 Bd7 11. O-O Bd6 12. b3 a6 13. Nxc6 bxc6 14. Bd3 Qb8
15. h3 Qb4 16. Na4 Qh4 17. Qc2 Rb8 18. Bb2 O-O 19. Bd4 Rfe8 20. f4 Ne4 21. Bxe4
Rxe4 22. Qf2 Qd8 23. Rac1 Re8 24. Nc5 Bc8 25. Rc3 a5 26. Rfc1 f6 27. Qd2 Qe7 28.
Qd3 Rb4 29. Qd2 Rb5 30. Nd3 Bd7 31. Nc5 Bf5 32. Kf2 h5 33. Qd1 Qf7 34. g4 hxg4
35. hxg4 Bc8 36. Qf3 Be5 37. fxe5 fxe5 38. Qxf7+ Kxf7 39. Nd3 exd4 40. exd4 Re4
41. Rxc6 Bxg4 42. Ne5+ Kg8 43. Rg1 Bf5 44. Rf6 Rf4+ 45. Ke3 Re4+ 46. Kf3 Bc8 47.
Rf7 1-0

[Event "World Rapid 2023"]
[Site "Samarkand UZB"]
[Date "2023.12.27"]
[EventDate "2023.12.26"]
[Round "6.31"]
[Result "0-1"]
[White "Baskaran Adhiban"]
[Black "Van Foreest, Jorden"]
[WhiteElo "2541"]
[BlackElo "2679"]
[PlyCount "92"]

1. c4 c6 2. Nf3 d5 3. g3 g6 4. Qa4 dxc4 5. Qxc4 Bg7 6. Bg2 e5 7. O-O Be6 8. Qb4
Qe7 9. Qxe7+ Nxe7 10. Nc3 O-O 11. d3 h6 12. Be3 Nd7 13. Rfc1 a5 14. Na4 Nd5 15.
Bd2 N5b6 16. Nxb6 Nxb6 17. Bc3 f6 18. a4 Rfd8 19. Nd2 Bf8 20. Ne4 Kf7 21. Bd2
Nd7 22. Be3 f5 23. Nd2 Bb4 24. Bxh6 Rh8 25. Be3 g5 26. Nf3 g4 27. Ng5+ Ke7 28.
d4 e4 29. h4 gxh3 30. Nxh3 Nb6 31. Nf4 Rag8 32. Nxe6 Kxe6 33. Bf4 Nd5 34. Be5
Rh7 35. e3 Rg6 36. Kf1 Bd6 37. Bxd6 Kxd6 38. Ke2 Rh2 39. Rg1 Nb4 40. Raf1 Nd3
41. b3 c5 42. Kd2 cxd4 43. exd4 Kd5 44. Ke2 f4 45. f3 Rxg3 46. fxe4+ Kxd4 0-1

[Event "World Rapid 2023"]
[Site "Samarkand UZB"]
[Date "2023.12.27"]
[EventDate "2023.12.26"]
[Round "6.32"]
[Result "1-0"]
[White "Sabino Brunello"]
[Black "Liam Vrolijk"]
[WhiteElo "2500"]
[BlackElo "2566"]
[PlyCount "118"]

1. c4 Nf6 2. g3 e6 3. Bg2 d5 4. Nf3 Be7 5. O-O O-O 6. d4 dxc4 7. Qc2 a6 8. Qxc4
b5 9. Qc2 Bb7 10. Bd2 Be4 11. Qc1 c6 12. Nc3 Bxf3 13. Bxf3 Qxd4 14. Be3 Qd7 15.
Rd1 Qb7 16. Ne4 Nd5 17. Bc5 a5 18. a4 b4 19. Bxe7 Qxe7 20. Nc5 Ra7 21. Rd2 Rc8
22. Qc2 Nd7 23. Rc1 N7b6 24. e4 Nf6 25. e5 Nfd7 26. Nxd7 Rxd7 27. Bxc6 Rdc7 28.
Qd1 g6 29. Rdc2 h5 30. Qd6 Rd8 31. Qxe7 Rxe7 32. Kf1 h4 33. Ke2 hxg3 34. hxg3
Rc7 35. Bb5 Rxc2+ 36. Rxc2 Nd5 37. Rc5 Ne7 38. Bc4 Ra8 39. Bd3 Ra7 40. Be4 Kf8
41. Kd3 Ke8 42. Kc4 Kd7 43. f4 Nc8 44. Kb5 Kd8 45. b3 Kd7 46. Rc1 Kd8 47. Rc2
Kd7 48. g4 Kd8 49. Rc1 Kd7 50. f5 exf5 51. gxf5 g5 52. f6 Kd8 53. Bf5 Rb7+ 54.
Kxa5 Nb6 55. Ka6 Rc7 56. Rxc7 Kxc7 57. e6 fxe6 58. Bxe6 Kd6 59. f7 1-0

[Event "World Rapid 2023"]
[Site "Samarkand UZB"]
[Date "2023.12.27"]
[EventDate "2023.12.26"]
[Round "6.33"]
[Result "1/2-1/2"]
[White "Shamsiddin Vokhidov"]
[Black "Parham Maghsoodloo"]
[WhiteElo "2596"]
[BlackElo "2742"]
[PlyCount "80"]

1. e4 c5 2. Nf3 e6 3. d4 cxd4 4. Nxd4 Nc6 5. Nc3 Qc7 6. Be3 a6 7. Qf3 h5 8.
O-O-O Nf6 9. Nxc6 bxc6 10. Bf4 e5 11. Bg5 d6 12. Qg3 Be6 13. Be2 Nd7 14. h4 Rb8
15. Kb1 Qa5 16. Bd2 Nc5 17. b3 Qb4 18. Nb5 Nxe4 19. Bxb4 Nxg3 20. Nxd6+ Bxd6 21.
Bxd6 Nxh1 22. Bxb8 Nxf2 23. Re1 f6 24. Ba7 Ng4 25. Bxa6 Bd5 26. g3 Kd7 27. Bc5
g5 28. hxg5 fxg5 29. Be2 Nh2 30. Bg1 Nf3 31. Bxf3 Bxf3 32. Rxe5 Re8 33. Rxe8
Kxe8 34. Bf2 Kd7 35. Kb2 Kc7 36. a4 Kb7 37. b4 Bg4 38. c4 Bd1 39. Ka3 Be2 40. c5
Ka6 1/2-1/2

[Event "World Rapid 2023"]
[Site "Samarkand UZB"]
[Date "2023.12.27"]
[EventDate "2023.12.26"]
[Round "6.34"]
[Result "0-1"]
[White "Nikita Petrov"]
[Black "Iturrizaga Bonelli, Eduardo"]
[WhiteElo "2561"]
[BlackElo "2600"]
[PlyCount "218"]

1. d4 Nf6 2. c4 e6 3. Nc3 Bb4 4. Qc2 c5 5. dxc5 O-O 6. a3 Bxc5 7. Nf3 Qb6 8. e3
Be7 9. Be2 a6 10. O-O Qc7 11. e4 d6 12. Bf4 Nbd7 13. Rad1 b6 14. Rfe1 Bb7 15.
Bf1 Rfd8 16. h3 Rac8 17. Rd2 Nh5 18. Be3 Nhf6 19. Qb1 Nc5 20. Bf4 Nb3 21. Rdd1
Nd7 22. e5 dxe5 23. Nxe5 Nxe5 24. Bxe5 Qc6 25. Qc2 Rxd1 26. Qxd1 Na5 27. Qg4 g6
28. Rd1 f6 29. Bd6 Kf7 30. Bxe7 Kxe7 31. Qh4 h5 32. Qg3 g5 33. Qd3 f5 34. Qd4
Rg8 35. b4 Nxc4 36. Qxc4 Qxc4 37. Bxc4 Rc8 38. Bxa6 Bxa6 39. Na4 Rc6 40. Rd2 Bb5
41. Nb2 Rc1+ 42. Kh2 Ra1 43. a4 Bxa4 44. Nc4 Rb1 45. Nxb6 Rxb4 46. Nxa4 Rxa4 47.
Rb2 h4 48. g3 Kf6 49. gxh4 gxh4 50. Kg2 Kg5 51. Rb8 e5 52. Rg8+ Kf6 53. Rf8+ Ke6
54. Rh8 Kd5 55. Rh5 Rf4 56. Rh8 Rd4 57. Rh5 Ke6 58. Rh6+ Kf7 59. Rh5 Kg6 60. Rh8
Ra4 61. Rg8+ Kf6 62. Rf8+ Ke6 63. Rh8 Rd4 64. Rh6+ Kf7 65. Rh5 Kf6 66. Rh6+ Kg5
67. Rh8 Rd6 68. Re8 Kf4 69. Rg8 e4 70. Rf8 Rd3 71. Rh8 Kg5 72. Rg8+ Kf6 73. Rh8
Rd2 74. Re8 Kg5 75. Rg8+ Kf4 76. Re8 Re2 77. Rh8 Kg5 78. Rg8+ Kf6 79. Rh8 Ra2
80. Re8 Kg5 81. Rg8+ Kf4 82. Re8 Rb2 83. Re7 Rb8 84. Rg7 Re8 85. Rf7 Rg8+ 86.
Kf1 Rg6 87. Rf8 Rg5 88. Ke2 Rh5 89. Rf7 Rh8 90. Kf1 Rg8 91. Ke2 Ra8 92. Kf1 Ra2
93. Rf8 Ra7 94. Kg2 Re7 95. Kf1 e3 96. Ke2 exf2+ 97. Kxf2 Ra7 98. Rf6 Ra2+ 99.
Kf1 Ke4 100. Rb6 Rd2 101. Rb4+ Rd4 102. Rb3 Rd3 103. Rb4+ Kf3 104. Rb1 f4 105.
Kg1 Kg3 106. Ra1 f3 107. Kf1 Rd2 108. Kg1 Rg2+ 109. Kf1 Rh2 0-1

[Event "World Rapid 2023"]
[Site "Samarkand UZB"]
[Date "2023.12.27"]
[EventDate "2023.12.26"]
[Round "6.36"]
[Result "1/2-1/2"]
[White "Tigran L Petrosian"]
[Black "Bardiya Daneshvar"]
[WhiteElo "2561"]
[BlackElo "2591"]
[PlyCount "54"]

1. e4 e5 2. Nf3 Nc6 3. Bb5 Nf6 4. d3 d6 5. O-O a6 6. Ba4 b5 7. Bb3 Na5 8. Bd2
Nxb3 9. axb3 Be7 10. c4 Bb7 11. Nc3 Qd7 12. Re1 c5 13. cxb5 axb5 14. Rxa8+ Bxa8
15. b4 cxb4 16. Ne2 O-O 17. Bxb4 Re8 18. Nc3 Bf8 19. d4 exd4 20. Qxd4 Bc6 21. h3
h6 22. Re3 Qe6 23. e5 dxe5 24. Nxe5 Bxb4 25. Qxb4 Nd5 26. Nxd5 Qxd5 27. Nxc6
Rxe3 1/2-1/2

[Event "World Rapid 2023"]
[Site "Samarkand UZB"]
[Date "2023.12.27"]
[EventDate "2023.12.26"]
[Round "6.37"]
[Result "1-0"]
[White "Pouya Idani"]
[Black "Shant Sargsyan"]
[WhiteElo "2602"]
[BlackElo "2634"]
[PlyCount "90"]

1. e4 e5 2. Nc3 Nf6 3. Bc4 Nc6 4. d3 Bb4 5. Bd2 O-O 6. Nge2 Na5 7. a3 Nxc4 8.
axb4 Nxd2 9. Qxd2 d5 10. exd5 Nxd5 11. Nxd5 Qxd5 12. O-O a6 13. Qc3 Qd6 14. Ra5
Re8 15. Rc5 c6 16. f4 e4 17. Ng3 Rd8 18. Nxe4 Qd4+ 19. Qxd4 Rxd4 20. Rc4 Rxc4
21. dxc4 Bf5 22. Nd6 Bxc2 23. Rc1 Bb3 24. Rc3 Rd8 25. Nxb7 Rd1+ 26. Kf2 Rd2+ 27.
Ke3 Rxb2 28. Nc5 Ba2 29. Nxa6 h5 30. g3 h4 31. gxh4 Rxh2 32. Nb8 Rh3+ 33. Kd4
c5+ 34. bxc5 Rxh4 35. c6 Rxf4+ 36. Kc5 Bb1 37. c7 Bf5 38. Nc6 Kh7 39. Ne7 Be6
40. c8=Q Bxc8 41. Nxc8 g5 42. Nd6 Rf1 43. Kd4 Kg6 44. c5 Rd1+ 45. Ke3 1-0

[Event "World Rapid 2023"]
[Site "Samarkand UZB"]
[Date "2023.12.27"]
[EventDate "2023.12.26"]
[Round "6.38"]
[Result "1-0"]
[White "Evgeniy Najer"]
[Black "Nikolay Averin"]
[WhiteElo "2663"]
[BlackElo "2246"]
[PlyCount "52"]

1. e4 c5 2. Nf3 d6 3. d4 cxd4 4. Nxd4 Nf6 5. Nc3 a6 6. h3 e5 7. Nb3 Be6 8. f4 g6
9. Be2 Nc6 10. O-O Be7 11. fxe5 dxe5 12. Bh6 Nd4 13. Kh2 Nxe2 14. Qxe2 Nh5 15.
Rad1 Qc7 16. Nd5 Bxd5 17. Rxd5 Nf4 18. Qf3 Nxd5 19. Qxf7+ Kd8 20. exd5 Kc8 21.
c4 b6 22. Bg7 Rd8 23. Qe6+ Kb7 24. Rf7 Rd7 25. Bxe5 Qd8 26. d6 1-0

[Event "World Rapid 2023"]
[Site "Samarkand UZB"]
[Date "2023.12.27"]
[EventDate "2023.12.26"]
[Round "6.39"]
[Result "1/2-1/2"]
[White "Arystan Isanzhulov"]
[Black "Alan Pichot"]
[WhiteElo "2407"]
[BlackElo "2651"]
[PlyCount "84"]

1. e4 c5 2. Nf3 d6 3. Bb5+ Nd7 4. a4 Nf6 5. Nc3 g6 6. a5 Bg7 7. O-O a6 8. Be2
O-O 9. d3 b5 10. axb6 Nxb6 11. Qd2 a5 12. Qf4 Ne8 13. Qh4 Nc7 14. Bh6 e5 15.
Qxd8 Rxd8 16. Bxg7 Kxg7 17. Nd2 Be6 18. b3 Ra7 19. Nc4 Bxc4 20. dxc4 Ne6 21. Ra2
Nd4 22. Rfa1 Rda8 23. Bd3 Nc6 24. Nb5 Rd7 25. c3 Kf8 26. Be2 Ke7 27. g3 h5 28.
h4 Rb7 29. Rd1 Rd7 30. Bf1 a4 31. Bh3 Rdd8 32. bxa4 Rxa4 33. Rxa4 Nxa4 34. Ra1
Nb6 35. Ra6 Rb8 36. Nc7 Rb7 37. Nd5+ Nxd5 38. cxd5 Nb8 39. Ra3 Nd7 40. Bxd7 Kxd7
41. Kg2 Ke7 42. Kf3 Rb2 1/2-1/2

[Event "World Rapid 2023"]
[Site "Samarkand UZB"]
[Date "2023.12.27"]
[EventDate "2023.12.26"]
[Round "6.40"]
[Result "0-1"]
[White "Chithambaram VR Aravindh"]
[Black "Haowen Xue"]
[WhiteElo "2646"]
[BlackElo "2455"]
[PlyCount "68"]

1. d4 Nf6 2. Bg5 e6 3. Nd2 h6 4. Bh4 Be7 5. e4 d6 6. Bd3 b6 7. f4 Bb7 8. Ngf3
Nh5 9. Bxe7 Qxe7 10. g3 g5 11. fxg5 hxg5 12. Rf1 Nd7 13. Qe2 c5 14. O-O-O g4 15.
Nh4 cxd4 16. Nb3 O-O-O 17. Qxg4 Rdg8 18. Qe2 Rxg3 19. Nf3 Nf4 20. Qd2 Nxd3+ 21.
cxd3 Rgh3 22. Nbxd4 Ne5 23. Kb1 Kb8 24. Rf2 f5 25. Qe2 Nxd3 26. Rxd3 fxe4 27.
Rd2 exf3 28. Qxe6 Be4+ 29. Ka1 Qxe6 30. Nxe6 Rg8 31. b3 Rg2 32. Nf4 Rhxh2 33.
Nxg2 fxg2 34. Rd1 Rh1 0-1

[Event "World Rapid 2023"]
[Site "Samarkand UZB"]
[Date "2023.12.27"]
[EventDate "2023.12.26"]
[Round "6.41"]
[Result "1-0"]
[White "Manuel Petrosyan"]
[Black "Ernur Amangeldy"]
[WhiteElo "2619"]
[BlackElo "2134"]
[PlyCount "70"]

1. e4 c5 2. Nf3 d6 3. Bb5+ Bd7 4. Bxd7+ Nxd7 5. O-O e6 6. c3 Ngf6 7. Qe2 Be7 8.
d4 O-O 9. Rd1 cxd4 10. cxd4 d5 11. e5 Ne4 12. Ne1 h6 13. f3 Ng5 14. Nc3 Nb6 15.
f4 Nh7 16. Nd3 Rc8 17. Be3 Nc4 18. Bf2 Qa5 19. Rdc1 Rc7 20. a4 a6 21. b3 Na3 22.
Qb2 Qb6 23. Rxa3 Bxa3 24. Qxa3 Rfc8 25. a5 Qa7 26. Nc5 b6 27. axb6 Qxb6 28. b4
Nf8 29. Qa5 Qa7 30. Ra1 Ng6 31. Nb5 Rxc5 32. dxc5 Qb8 33. Nd6 Rd8 34. g3 Ne7 35.
Qb6 1-0

[Event "World Rapid 2023"]
[Site "Samarkand UZB"]
[Date "2023.12.27"]
[EventDate "2023.12.26"]
[Round "6.42"]
[Result "0-1"]
[White "Denis Khismatullin"]
[Black "Boris Savchenko"]
[WhiteElo "2579"]
[BlackElo "2505"]
[PlyCount "114"]

1. d4 d5 2. c4 e6 3. Nf3 a6 4. Bg5 Be7 5. Bxe7 Qxe7 6. Nbd2 Nf6 7. g3 O-O 8. Rc1
Rd8 9. Bg2 c5 10. cxd5 cxd4 11. Nxd4 Nxd5 12. O-O Nb4 13. Nc4 Nxa2 14. Nb6 Nxc1
15. Qxc1 Qb4 16. Nxa8 Qxd4 17. Qc7 Qd6 18. Rc1 Qxc7 19. Rxc7 b5 20. Nb6 Bd7 21.
f4 Be8 22. Kf2 Kf8 23. Ra7 b4 24. Bf3 Bb5 25. Ke3 g6 26. Rb7 Kg7 27. g4 Nc6 28.
Rc7 Nd4 29. Nc4 Nxf3 30. exf3 Bxc4 31. Rxc4 a5 32. Rc5 Rd5 33. Rc7 Rd1 34. Ra7
Ra1 35. b3 h5 36. gxh5 gxh5 37. f5 e5 38. Ra6 h4 39. f4 Re1+ 40. Kf3 Rf1+ 41.
Ke4 Re1+ 42. Kf3 e4+ 43. Kf2 Rb1 44. Rxa5 Rxb3 45. Re5 Rf3+ 46. Ke2 b3 47. Rxe4
Rh3 48. Rb4 Kf6 49. Rb5 Rxh2+ 50. Kf3 b2 51. Kg4 Ke7 52. Kg5 Kd6 53. Rb8 Kc5 54.
Kf6 h3 55. Kxf7 Rf2 56. f6 h2 57. Rc8+ Kb6 0-1

[Event "World Rapid 2023"]
[Site "Samarkand UZB"]
[Date "2023.12.27"]
[EventDate "2023.12.26"]
[Round "6.43"]
[Result "1-0"]
[White "Shakhriyar Mamedyarov"]
[Black "Stepan Zilka"]
[WhiteElo "2723"]
[BlackElo "2615"]
[PlyCount "74"]

1. Nf3 Nf6 2. c4 e6 3. b3 d5 4. Bb2 Be7 5. e3 O-O 6. Nc3 c5 7. cxd5 Nxd5 8. Qc2
Nc6 9. a3 b6 10. h4 Nxc3 11. Bxc3 Bf6 12. Bd3 h6 13. Bh7+ Kh8 14. Be4 Bb7 15.
Ng5 Bxc3 16. dxc3 g6 17. Bxg6 fxg6 18. Qxg6 Qe7 19. Qxh6+ Kg8 20. Qg6+ Qg7 21.
Qxg7+ Kxg7 22. Nxe6+ Kf6 23. Nxf8 Rxf8 24. f3 c4 25. bxc4 Ne5 26. Kf2 Ba6 27.
Rad1 Bxc4 28. Rd4 Nd3+ 29. Kg3 Rg8+ 30. Rg4 Rc8 31. h5 Be6 32. Rd4 Rg8+ 33. Kh2
Ne5 34. Rf4+ Kg5 35. g4 Bd5 36. Rf5+ Kh4 37. Kg2# 1-0

[Event "World Rapid 2023"]
[Site "Samarkand UZB"]
[Date "2023.12.27"]
[EventDate "2023.12.26"]
[Round "6.44"]
[Result "0-1"]
[White "V Pranav"]
[Black "AR Saleh Salem"]
[WhiteElo "2611"]
[BlackElo "2639"]
[PlyCount "118"]

1. e4 e5 2. Nf3 Nc6 3. Bb5 a6 4. Ba4 Nf6 5. O-O Be7 6. d3 b5 7. Bb3 d6 8. a4 Bd7
9. c3 O-O 10. Bc2 Re8 11. Re1 h6 12. h3 Bf8 13. Nbd2 Rb8 14. Nf1 d5 15. Ng3 b4
16. exd5 Nxd5 17. Bd2 bxc3 18. bxc3 Nf6 19. a5 Bd6 20. Ba4 Ne7 21. Ne4 Nxe4 22.
dxe4 Ng6 23. Be3 Qc8 24. Qe2 Bxa4 25. Rxa4 Qb7 26. Nd2 Qc6 27. Qc4 Ne7 28. Raa1
Rb5 29. Qd3 Ng6 30. Reb1 Reb8 31. Rxb5 Rxb5 32. Nc4 Be7 33. Nd2 Nf8 34. c4 Rb8
35. Qd5 Qf6 36. Nf3 Ng6 37. c5 Qe6 38. Rd1 Rd8 39. Qxd8+ Bxd8 40. Rxd8+ Kh7 41.
Rd5 f6 42. Rd8 Qc6 43. Nd2 Nf4 44. h4 h5 45. Bxf4 exf4 46. Rd5 Qa4 47. Rxh5+ Kg8
48. Rd5 Qxa5 49. Nf3 Qb4 50. c6 Qxe4 51. Rd8+ Kh7 52. Nd4 a5 53. Kh2 a4 54. f3
Qe5 55. Nc2 Qc5 56. Nd4 a3 57. Ne6 Qxc6 58. Nf8+ Kh6 59. Rd3 Qd6 0-1